Dioses Nordicos - Estadísticas

Estadísticas generales
  • Esta prueba ha sido intentada 185 veces
  • La puntuación promedio es 5 de 14
Estadísticas de respuestas
Respuesta % Correcto
Thor
99%
Odin
94%
Loki
90%
Frey
63%
Freya
42%
Heimdall
33%
Hela
30%
Tyr
23%
Balder
20%
Skadi
10%
Bragi
5%
Niord
2%
Foresti
1%
Frija
1%
No se encontraron pruebas coincidentes
Distribución de puntuación
Porcentaje de gente con cada puntuación
Porcentaje por número respondido
Historial de tus puntuaciones
No has intentado esta prueba.